[Event "Troll Masters"]
[Site "Gausdal NOR"]
[Date "2002.01.08"]
[Round "6"]
[White "Agopov,M"]
[Black "Djurhuus,R"]
[Result "1/2-1/2"]
[WhiteElo "2400"]
[BlackElo "2469"]

1.Nf3 Nf6 2.c4 g6 3.Nc3 Bg7 4.e4 d6 5.d4 O-O 6.Be2 e5 7.O-O Na6 8.Be3 Ng4
9.Bg5 Qe8 10.dxe5 dxe5 11.h3 h6 12.Bd2 Nf6 13.Be3 b6 14.Qb1 Nb4 15.Rd1 Bb7
16.a3 Nc6 17.Nd5 Nxd5 18.cxd5 Nd4 19.Nxd4 exd4 20.Bxd4 Bxd5 21.Bxg7 Bxe4
22.Bd3 Bxd3 23.Qxd3 Kxg7 24.Qc3+ Kg8 25.Qxc7 Qb5 26.Rd2 a5 27.Rc1 Rae8 28.Rc6 Re2
29.Rxe2 Qxe2 30.Rxb6 Qe1+ 31.Kh2 Qxf2 32.b4 axb4 33.axb4 h5 34.Rb8 Rxb8 35.Qxb8+ Kh7
36.b5 f5 37.Qc7+ Kh6 38.Qg3 Qb6 39.Qe5 h4 40.Qh8+ Kg5 41.Qe8 Qc7+ 42.Kg1 Qc1+
43.Kf2 Qf4+ 44.Ke2 Qc4+ 45.Kf2  1/2-1/2

[Event "TCh-CZE 2001-2"]
[Site "CZE"]
[Date "2002.01.12"]
[Round "6"]
[White "Polak,T"]
[Black "Salai,L"]
[Result "1/2-1/2"]
[WhiteElo "2482"]
[BlackElo "2404"]

1.d4 Nf6 2.c4 g6 3.Nc3 Bg7 4.e4 d6 5.Nf3 O-O 6.Be2 e5 7.O-O exd4 8.Nxd4 Re8
9.f3 Nc6 10.Be3 Nh5 11.Qd2 Nf4 12.Rf2 Nxd4 13.Bxd4 Be5 14.Be3 Nxe2+ 15.Nxe2 f5
16.Bg5 Qd7 17.exf5 Qxf5 18.Ng3 Qf7 19.Rc1 Be6 20.b3 a5 21.Rcf1 Bg7 22.Bh6 Bxh6
23.Qxh6 a4 24.Qd2 axb3 25.axb3 Ra3 26.Qb4 Ra7 27.Re1 Bd7 28.Rxe8+ Bxe8 29.Re2 Bc6
30.Qc3 Ra8 31.Kf2 Re8 32.Rxe8+  1/2-1/2

[Event "TCh-ISR"]
[Site "ISR"]
[Date "2002.01.12"]
[Round "1"]
[White "Peker,O"]
[Black "Lederer,Y"]
[Result "1-0"]
[WhiteElo "2404"]
[BlackElo "2283"]

1.d4 Nf6 2.c4 g6 3.Nc3 Bg7 4.e4 d6 5.Be2 O-O 6.Nf3 e5 7.O-O Na6 8.Be3 c6
9.dxe5 dxe5 10.a3 Ng4 11.Bg5 f6 12.Bd2 Bh6 13.b4 Nc7 14.h3 Bxd2 15.Qxd2 Qxd2
16.Nxd2 Nh6 17.c5 Be6 18.Nc4 Nf7 19.Na5 Rab8 20.Rfd1 Rfd8 21.Rxd8+ Nxd8 22.Rd1 Kf8
23.Na4 Ke7 24.Nc3 Bf7 25.Bg4 Nde6 26.Rd6 Be8 27.Ne2 Ng5 28.Nc3 Nb5 29.Nxb5 cxb5
30.Bf3 Nf7 31.Rd1 Bc6 32.Nxc6+ bxc6 33.Bg4 Rb7 34.h4 h5 35.Bh3 Nd8 36.g3 Rc7
37.Rd6 Nb7 38.Re6+ Kf7 39.f4 a5 40.fxe5 fxe5 41.Rxe5 axb4 42.axb4 Nd8 43.Rg5 Ra7
44.e5 Ra4 45.e6+ Kf6 46.Rxg6+  1-0

[Event "54th ch-YUG Youth"]
[Site "Obrenovac YUG"]
[Date "2002.01.12"]
[Round "4"]
[White "Zivanic,M"]
[Black "Popovic,Du"]
[Result "1-0"]
[WhiteElo "2437"]
[BlackElo "2394"]

1.d4 Nf6 2.c4 g6 3.Nc3 Bg7 4.e4 d6 5.Nf3 O-O 6.Be2 e5 7.Be3 Na6 8.d5 Nc5
9.Nd2 a5 10.a3 Ne8 11.b4 axb4 12.axb4 Rxa1 13.Qxa1 Na6 14.Qa3 f5 15.Nb3 Nf6
16.b5 Nb8 17.c5 f4 18.Bd2 dxc5 19.Nxc5 Qd6 20.Qa7 b6 21.Nd3 Nbd7 22.O-O Nc5
23.Nxc5 Qxc5 24.Rc1 Bh6 25.Qa2 Kh8 26.Nd1 Qe7 27.Qc4 Rd8 28.Bb4 Qf7 29.Qxc7 Qxc7
30.Rxc7 Nxe4 31.Be7 Re8 32.d6 Nc5 33.Bf6+ Kg8 34.Bc4+ Be6 35.Rxc5 bxc5 36.d7  1-0

[Event "XXVII Open"]
[Site "Seville ESP"]
[Date "2002.01.16"]
[Round "6"]
[White "Suba,M"]
[Black "Komljenovic,D"]
[Result "1-0"]
[WhiteElo "2528"]
[BlackElo "2505"]

1.Nf3 g6 2.c4 Bg7 3.d4 d6 4.Nc3 Nf6 5.e4 O-O 6.Be2 e5 7.O-O Na6 8.Re1 Qe8
9.Bf1 Bg4 10.d5 Qe7 11.h3 Bc8 12.a3 c5 13.Rb1 Kh8 14.Bg5 h6 15.Bd2 Ng8 16.g3 Bd7
17.Be2 f5 18.exf5 gxf5 19.Nh4 Qf7 20.Qc2 Ne7 21.Kh1 Nc7 22.f4 e4 23.Nd1 Ng6
24.Ng2 Rg8 25.Bh5 Bd4 26.Nde3 Qg7 27.g4 Raf8 28.b4 fxg4 29.hxg4  1-0

[Event "TCh-AUT 2001-2"]
[Site "Graz AUT"]
[Date "2002.01.17"]
[Round "5"]
[White "Gustafsson,J"]
[Black "Polzin,R"]
[Result "1/2-1/2"]
[WhiteElo "2513"]
[BlackElo "2462"]

1.d4 Nf6 2.c4 g6 3.Nc3 Bg7 4.e4 d6 5.Nf3 O-O 6.Be2 Na6 7.O-O e5 8.Be3 Ng4
9.Bg5 Qe8 10.dxe5 dxe5 11.h3 h6 12.Bd2 Nf6 13.Be3 Qe7 14.Nd5 Qd8 15.Nxf6+ Qxf6
16.c5 Nb8 17.b4 Nc6 18.b5 Rd8 19.Qc1 Nd4 20.Bxd4 exd4 21.Bd3 Be6 22.c6 b6
23.a4 a6 24.Qd2 axb5 25.axb5 Qe7 26.Qb2 Qc5 27.Qe2 Ra3 28.Rxa3 Qxa3 29.Rd1 Qc3
30.e5 Qc5 31.Qe1 Re8 32.Rc1 Qa3 33.Qd1 Bd5 34.Ra1 Qe7 35.Qe2 Bxf3 36.Qxf3 Qxe5
37.g3 Qf6 38.Qd5 Qe5 39.Qf3 h5 40.h4 Bf6 41.Ra2 Qd6 42.Kg2 Kg7 43.Ra1 Re5
44.Ra7 Re1 45.Ra2 Rc1 46.Rd2 Qd8 47.Rd1 Rc5 48.Re1 Re5  1/2-1/2

[Event "TCh-AUT 2001-2"]
[Site "Graz AUT"]
[Date "2002.01.18"]
[Round "6"]
[White "Stangl,M"]
[Black "Horvath,Jo"]
[Result "0-1"]
[WhiteElo "2457"]
[BlackElo "2537"]

1.Nf3 Nf6 2.c4 g6 3.Nc3 Bg7 4.e4 d6 5.d4 O-O 6.Be2 e5 7.O-O exd4 8.Nxd4 c6
9.Bf4 Re8 10.Bf3 Na6 11.Re1 Nd7 12.Bxd6 Ne5 13.c5 Nc4 14.Be2 Nxd6 15.Bxa6 Nxe4
16.Nxe4 bxa6 17.Nb3 Bxb2 18.Qxd8 Rxd8 19.Rab1 Bf5 20.Rxb2 Bxe4 21.f3 Bd5
22.Nd4 Kf8 23.a3 Rd7 24.Kf2 Rc8 25.Reb1 Bc4 26.Rb8 Rxb8 27.Rxb8+ Kg7 28.Ke3 Rd5
29.Rc8 Rxc5 30.Rxc6 Rxc6 31.Nxc6 Kf6 32.Nxa7 Ke5 33.Nc6+ Kd5 34.Nb4+ Kc5
35.Kd2 a5 36.Nc2 Bb3 37.Ne3 Kd4 38.Ng4 h5 39.Nf2 Bc4 40.g3  0-1

[Event "TCh-AUT 2001-2"]
[Site "Graz AUT"]
[Date "2002.01.20"]
[Round "8"]
[White "Weissenbeck,M"]
[Black "Mittelberger,P"]
[Result "0-1"]
[WhiteElo "2211"]
[BlackElo "2282"]

1.d4 d6 2.Nf3 Nf6 3.c4 g6 4.Nc3 Bg7 5.e4 O-O 6.Be2 e5 7.O-O Nbd7 8.Re1 c6
9.Be3 Ng4 10.Bg5 f6 11.Bh4 Nh6 12.d5 c5 13.a3 Nf7 14.Nd2 h5 15.f3 Bh6 16.Nf1 Bg5
17.Bf2 f5 18.b4 b6 19.Rb1 Nf6 20.Bd3 h4 21.exf5 gxf5 22.Qc2 Nh6 23.Kh1 Nh5
24.Ne3 Bf4 25.Ne2 Qg5 26.Nf1 e4 27.fxe4 fxe4 28.Bxe4 Bxh2 29.Be3 Bf4 30.Nxf4 Nxf4
31.Nh2 Nf5 32.Rb3 Ng3+ 33.Kg1 Bf5 34.Bxf4 Qxf4 35.Bxf5 Rxf5 36.Nf3 cxb4 37.axb4 Rc8
38.Re4 Qxe4 39.Qd2 Qf4  0-1

[Event "54th ch-YUG Youth"]
[Site "Obrenovac YUG"]
[Date "2002.01.20"]
[Round "11"]
[White "Draganic,V"]
[Black "Djukic,Ni"]
[Result "1/2-1/2"]
[WhiteElo "2178"]
[BlackElo "2383"]

1.d4 Nf6 2.c4 g6 3.Nc3 Bg7 4.e4 d6 5.Nf3 O-O 6.Be2 e5 7.Be3 Ng4 8.Bg5 f6
9.Bh4 Nc6 10.dxe5 dxe5 11.Qxd8 Nxd8 12.h3 Nh6 13.Nd5 Ne6 14.Ne7+ Kf7 15.Nxc8 Rfxc8
16.O-O-O Rd8 17.Rxd8 Rxd8 18.Rd1 Rxd1+ 19.Kxd1 Bf8 20.Ne1 Ng8 21.f3 Ne7 22.Nc2 Nc6
23.Be1 a5 24.b3 Nb4 25.Nxb4 axb4 26.c5 Bxc5 27.Bc4 Ke7 28.Bxe6 Kxe6 29.Kc2 Kd6
30.Kd3 Kc6 31.Kc4 b5+ 32.Kd3 Bf8 33.Bd2  1/2-1/2

[Event "90th LSK Metalka Trgovina"]
[Site "Ljubljana SLO"]
[Date "2002.01.21"]
[Round "3"]
[White "Farago,I"]
[Black "Tratar,M"]
[Result "1/2-1/2"]
[WhiteElo "2500"]
[BlackElo "2424"]

1.d4 Nf6 2.c4 g6 3.Nc3 Bg7 4.e4 d6 5.Be2 O-O 6.Nf3 e5 7.O-O Na6 8.Re1 Qe8
9.Bf1 Bg4 10.d5 Nb4 11.Be2 a5 12.Be3 b6 13.h3 Bd7 14.Nd2  1/2-1/2

[Event "54th ch-YUG Youth"]
[Site "Obrenovac YUG"]
[Date "2002.01.21"]
[Round "12"]
[White "Zivanic,M"]
[Black "Dimitrijevic,A"]
[Result "1-0"]
[WhiteElo "2437"]
[BlackElo "2227"]

1.d4 Nf6 2.c4 g6 3.Nc3 Bg7 4.e4 d6 5.Nf3 O-O 6.Be2 e5 7.Be3 Nc6 8.d5 Ne7
9.Nd2 Ne8 10.c5 f5 11.f3 f4 12.Bf2 g5 13.Nc4 h5 14.cxd6 cxd6 15.Nb5 b6 16.a4 Ba6
17.Qb3 Nc8 18.a5 Qd7 19.Nd2 g4 20.axb6 axb6 21.Ra3 Bb7 22.Rxa8 Bxa8 23.Nc3 Nf6
24.Qa4 Qf7 25.Nb5 Bb7 26.Nc4 Ne8 27.Qa3 Qg6 28.Na7 h4 29.Nxc8 Bxc8 30.h3 gxh3
31.gxh3 b5 32.Nb6 Bb7 33.Rg1 Qf7 34.Bxb5 Nc7 35.Be2 Ne8 36.Nc4 Qe7 37.Qa7 Qc7
38.Kd2 Rf7 39.Na5 Kf8 40.Nxb7 Qxb7 41.Qxb7 Rxb7 42.Rb1 Bf6 43.b4 Bd8 44.b5 Nc7
45.Ra1 Kf7 46.b6 Ne8 47.Ra7  1-0

[Event "39th BPCL ch-IND"]
[Site "Nagpur IND"]
[Date "2002.01.22"]
[Round "7"]
[White "Sasikiran,K"]
[Black "Thipsay,P"]
[Result "0-1"]
[WhiteElo "2569"]
[BlackElo "2456"]

1.d4 Nf6 2.c4 g6 3.Nc3 Bg7 4.e4 d6 5.Nf3 O-O 6.Be2 e5 7.Be3 Na6 8.O-O Ng4
9.Bg5 Qe8 10.dxe5 dxe5 11.Nd2 f6 12.Bxg4 fxg5 13.a3 Nc5 14.b4 Bxg4 15.Qxg4 Ne6
16.c5 h5 17.Qe2 Nd4 18.Qc4+ Kh7 19.a4 g4 20.Nb3 c6 21.Ne2 Qf7  0-1

[Event "90th LSK Metalka Trgovina"]
[Site "Ljubljana SLO"]
[Date "2002.01.23"]
[Round "5"]
[White "Jelen,Ig"]
[Black "Tratar,M"]
[Result "0-1"]
[WhiteElo "2374"]
[BlackElo "2424"]

1.d4 Nf6 2.c4 g6 3.Nc3 Bg7 4.e4 d6 5.Nf3 O-O 6.Be2 e5 7.O-O Na6 8.Be3 Ng4
9.Bg5 Qe8 10.dxe5 dxe5 11.h3 f6 12.Bd2 Nh6 13.Be3 c6 14.c5 Nf7 15.Nd2 f5
16.f3 f4 17.Bf2 Nc7 18.b4 g5 19.b5 h5 20.bxc6 bxc6 21.Na4 Ne6 22.Nb3 Nh6
23.Nb2 g4 24.hxg4 hxg4 25.fxg4 Ng5 26.Nc4 Nxe4 27.Nd6 Nxf2 28.Rxf2 Qg6 29.Bd3 Qg5
30.Qf3 Bd7 31.Qe4 Rfd8 32.Raf1 Bxg4 33.Rxf4 exf4 34.Rxf4 Bf6 35.Rxg4  0-1

[Event "Rapid"]
[Site "Aubervilliers FRA"]
[Date "2002.01.27"]
[Round "7"]
[White "Lalic,B"]
[Black "Paragua,M"]
[Result "1-0"]
[WhiteElo "2523"]
[BlackElo "2469"]

1.d4 Nf6 2.c4 g6 3.Nc3 Bg7 4.e4 d6 5.Be2 O-O 6.Nf3 e5 7.d5 a5 8.Bg5 Na6 9.Nd2 h6
10.Bh4 Qe8 11.O-O Nh7 12.Kh1 h5 13.f3 Bh6 14.a3 Bd7 15.Qc2 f5 16.exf5 gxf5
17.Rad1 Kh8 18.Nb5 Qg6 19.Nb1 Rg8 20.g3 Be3 21.N1c3 Qh6 22.Bd3 Raf8 23.Qe2 Rf7
24.Rde1 Bd2 25.Rd1 Bxc3 26.Nxc3 Nf8 27.f4 e4 28.Bc2 Nh7 29.Qe3 b6 30.Rb1 Nf6
31.h3 Qg7 32.b4 axb4 33.axb4 Re8 34.Kh2 Nh7 35.Rf2 Nf8 36.Bg5 Nh7 37.h4 Nf6
38.Bd1 Ng4+ 39.Bxg4 hxg4 40.Ra2 Bc8 41.Nb5 Bb7 42.Nd4 Kg8 43.Kg1 Qg6 44.Kf2 Rff8
45.Ra3 Ra8 46.Qc3 e3+ 47.Qxe3 Rfe8 48.Ne6 b5 49.Qc3 bxc4 50.Qxc4 Nc5 51.bxc5 Rxa3
52.Rxb7 Rea8 53.cxd6 cxd6 54.Rb2 Qf7 55.Qd4 R3a4 56.Qb6 Qd7 57.Bf6 Re4 58.Ng5 Ree8
59.h5 Rf8 60.Bd4 Ra1 61.Kg2  1-0

[Event "Torneo A"]
[Site "Montecatini Terme ITA"]
[Date "2002.01.28"]
[Round "4"]
[White "Scalcione,M"]
[Black "Janev,E"]
[Result "0-1"]
[WhiteElo "2329"]
[BlackElo "2498"]

1.Nf3 Nf6 2.c4 g6 3.Nc3 Bg7 4.e4 d6 5.d4 O-O 6.Be2 e5 7.Be3 exd4 8.Nxd4 Re8
9.f3 c6 10.Bf2 a6 11.O-O b5 12.cxb5 axb5 13.a4 b4 14.Na2 Nh5 15.Nxb4 c5 16.Ndc6 Nxc6
17.Nxc6 Qc7 18.Rc1 Bxb2 19.Rc2 Bg7 20.Bb5 Bd7 21.Nb4 Bxb5 22.Nd5 Qb8 23.axb5 Nf6
24.Nxf6+ Bxf6 25.Qd3 Ra5 26.Rb1 Qb6 27.Rd2 Be5 28.g3 Ra4 29.Qd5 Rb8 30.f4 Bc3
31.Rd3 Bb4 32.Qxd6 Qxb5 33.Rbd1 Re8 34.Qd5 Ra5 35.Rc1 Qa6 36.e5 Ra1 37.Rdd1 Rxc1
38.Rxc1 Rc8 39.Qc4 Qxc4 40.Rxc4 Kf8 41.Kg2 Ke7 42.Kf3 Kd7 43.Ke4 Kc6 44.g4 Kb5
45.Rc1 c4 46.Bd4 c3 47.Kd3 Rd8 48.Ke4 Kc4 49.Be3 Ba3 50.Ra1 Kb3 51.f5 c2
52.e6 fxe6 53.fxe6 Bb4 54.Ra7 Rd1 55.Rc7 Re1 56.Kd4 Rxe3 57.Rxc2 Rxe6 58.Rc7 Re7
59.Rc6 Re2 60.h4 Rg2 61.g5 Rg4+ 62.Ke5 Rxh4 63.Kf6 Bc3+ 64.Kf7 Bd2 65.Rc5 Rh5
66.Kg7 Bxg5  0-1

[Event "Open"]
[Site "Bermuda BER"]
[Date "2002.02.03"]
[Round "4"]
[White "Salman,J"]
[Black "Shahade,G"]
[Result "0-1"]
[WhiteElo "2241"]
[BlackElo "2454"]

1.d4 Nf6 2.c4 g6 3.Nc3 Bg7 4.e4 d6 5.Be2 O-O 6.Nf3 e5 7.O-O exd4 8.Nxd4 Re8
9.Bf3 Nbd7 10.h3 Nc5 11.Re1 a5 12.Ndb5 Bd7 13.Bf4 Bc6 14.e5 Bxf3 15.Qxf3 dxe5
16.Rad1 Nfd7 17.Bg3 c6 18.Nd6 Rf8 19.Nxb7 Nxb7 20.Qxc6 Nbc5 21.Rxd7 Nxd7
22.Rd1 Ra7 23.Nb5 Nb8 24.Rxd8 Nxc6 25.Rd6 Ra6 26.Nc7 Rb6 27.Nd5 Rxb2 28.Rxc6 Rxa2
29.Ra6 Rc2 30.Rxa5 Rxc4 31.Ne7+ Kh8 32.Bxe5 Bxe5 33.Rxe5 Rd8 34.Rd5 Rxd5
35.Nxd5 Kg7 36.g3 h5 37.h4 Rd4 38.Ne3 Kf6 39.Kg2 Ke5 40.Kf3 Rb4 41.Nc2 Rb3+
42.Ne3 Ra3 43.Ke2 Ra2+ 44.Kf3 Ra3 45.Ke2 Rc3 46.Kf3 Rd3 47.Ke2 Rb3 48.Kf3 f5
49.Kg2 f4 50.Nc4+ Kf5 51.Nd2 Rb2 52.Nf3 fxg3 53.Kxg3 Rb3 54.Kg2 Kf4  0-1

[Event "Mimoza Open"]
[Site "Herceg Novi YUG"]
[Date "2002.02.05"]
[Round "3"]
[White "Damljanovic,B"]
[Black "Miljanic,B"]
[Result "0-1"]
[WhiteElo "2545"]
[BlackElo "2431"]

1.c4 g6 2.d4 Bg7 3.e4 d6 4.Nc3 Nf6 5.Nf3 O-O 6.Be2 e5 7.Be3 Ng4 8.Bg5 f6
9.Bc1 f5 10.exf5 exd4 11.Nd5 Bxf5 12.h3 d3 13.hxg4 dxe2 14.Qb3 Be6 15.Ng5 Bxd5
16.cxd5 Qf6 17.f4 Nd7 18.Qh3 h6 19.Ne6 Nc5 20.g5 hxg5 21.Qh7+ Kf7 22.fxg5 Qe5
23.Rh3 Nxe6 24.dxe6+ Ke7 25.Re3 Qd4 26.Kxe2 Rf5 27.Bd2 Rh8 28.Qxg6 Rf2+ 29.Kxf2 Qxd2+
30.Re2 Qf4+  0-1

[Event "Aeroflot Open"]
[Site "Moscow RUS"]
[Date "2002.02.05"]
[Round "1"]
[White "Kaidanov,G"]
[Black "Varavin,V"]
[Result "1-0"]
[WhiteElo "2596"]
[BlackElo "2484"]

1.d4 Nf6 2.c4 d6 3.Nf3 g6 4.Nc3 Bg7 5.e4 O-O 6.Be2 e5 7.Be3 exd4 8.Nxd4 Re8
9.f3 c6 10.Bf2 d5 11.exd5 cxd5 12.O-O Nc6 13.c5 Nh5 14.Qd2 Be6 15.Rfe1 Bf8
16.Bb5 Rc8 17.b4 Qf6 18.Rad1 Nf4 19.Nxc6 bxc6 20.Bd4 Qg5 21.Ba6 Bh6 22.Bxc8 Nh3+
23.Kf1 Qxd2 24.Rxd2 Bxd2 25.Bxe6 fxe6 26.gxh3 Bxe1 27.Kxe1 e5 28.Bf2 a6 29.Bg3 Kf7
30.Kd2 g5 31.h4 gxh4 32.Bxh4 Ke6 33.Bg3 Rb8 34.a3 a5 35.Na2 d4 36.f4 exf4
37.Bxf4 Rf8 38.Bg3 Rf3 39.bxa5 Rxa3 40.Nb4 Rxa5 41.Bd6 Ra4 42.Nxc6 Kd5 43.Ne7+ Ke4
44.c6 Ra2+ 45.Kc1 d3  1-0

[Event "FSFMB February"]
[Site "Budapest HUN"]
[Date "2002.02.06"]
[Round "5"]
[White "Vass,V"]
[Black "Fodor,I"]
[Result "1/2-1/2"]
[WhiteElo "2182"]
[BlackElo "2082"]

1.d4 Nf6 2.c4 g6 3.Nc3 Bg7 4.e4 d6 5.Nf3 O-O 6.Be2 e5 7.d5 Nbd7 8.O-O a5
9.Bg5 Nc5 10.b3 h6 11.Bxf6 Qxf6 12.a3 Bg4 13.b4 axb4 14.axb4 Nd7  1/2-1/2

[Event "Mimoza Open"]
[Site "Herceg Novi YUG"]
[Date "2002.02.06"]
[Round "4"]
[White "Draganic,V"]
[Black "Benderac,S"]
[Result "0-1"]
[WhiteElo "2178"]
[BlackElo "2376"]

1.d4 Nf6 2.c4 g6 3.Nc3 Bg7 4.e4 d6 5.Nf3 O-O 6.Be2 e5 7.Be3 Nc6 8.d5 Ne7
9.Nd2 Ne8 10.b4 f5 11.f3 f4 12.Bf2 g5 13.c5 Ng6 14.a4 h5 15.Nc4 g4 16.cxd6 cxd6
17.Nb5 a6 18.Nb6 Rb8 19.Na3 g3 20.Bg1 Nh4 21.Bf1 Qg5 22.h3 Nf6 23.Qc2 Nxe4
24.fxe4 f3 25.Nac4 f2+ 26.Kd1 Bxh3 27.Qd2 Qg4+ 28.Qe2 Bxg2 29.Qxg4 hxg4 30.Bxg2 Nxg2
31.Ke2 Rf3 32.Bxf2 Nf4+ 33.Kd2 gxf2 34.Ne3 g3 35.Rhf1 g2 36.Nbc4 gxf1=Q 37.Rxf1 Bf8
38.Nb6 Bh6 39.Nd7 Rd8 40.Nf6+ Kf7 41.Nfg4 Bg5 42.Rh1 Ng2 43.Ke2 Rxe3+ 44.Nxe3 Nxe3
45.Kxf2 Kg6 46.Ke2 Rc8 47.Kd3 Rc4 48.Rb1 Rd4+ 49.Kc3 Rxe4 50.b5 Nxd5+ 51.Kd3 Rd4+
52.Kc2 Rxa4 53.bxa6 bxa6 54.Rd1 Rd4 55.Ra1 e4 56.Rxa6 Nb4+ 57.Kc3 Nxa6  0-1

[Event "Aeroflot Open"]
[Site "Moscow RUS"]
[Date "2002.02.07"]
[Round "4"]
[White "Iskusnyh,S"]
[Black "Zulfugarli,M"]
[Result "1/2-1/2"]
[WhiteElo "2514"]
[BlackElo "2430"]

1.c4 Nf6 2.Nc3 g6 3.e4 d6 4.d4 Bg7 5.Be2 O-O 6.Nf3 e5 7.Be3 Ng4 8.Bg5 f6
9.Bc1 Nc6 10.d5 Ne7 11.h3 Nh6 12.h4 f5 13.Ng5 f4 14.g4 Kh8 15.Ne6 Bxe6 16.dxe6 Nc6
17.g5 Ng8 18.Bg4 Nd4 19.Ne2 Qe7 20.Nxd4 exd4 21.Qf3 Rae8 22.Bd2 h5 23.gxh6 Nxh6
24.Bh3 b5 25.cxb5 Rb8 26.a4 a6 27.O-O-O axb5 28.a5 b4 29.Rdg1 Qe8 30.b3 c5
31.Kb1 Ra8 32.Bc1 Rxa5 33.Bb2 c4 34.e7 Qxe7 35.bxc4 Qe8 36.Rg5 Ra7 37.h5 Qa4
38.Qd3 Qa2+ 39.Kc1 Ra3 40.Qc2 d3 41.Bxg7+ Kxg7 42.Rxg6+ Kh7 43.Qxa2 Rxa2
44.Rhg1 d2+ 45.Kd1 b3 46.Rg7+ Kh8 47.R7g6 Ng8 48.Be6 b2 49.Rxg8+ Rxg8 50.Rxg8+ Kh7
51.Rb8 Ra1+ 52.Kxd2 b1=Q 53.Rxb1 Rxb1 54.e5 Rb6  1/2-1/2

[Event "Aeroflot Open"]
[Site "Moscow RUS"]
[Date "2002.02.07"]
[Round "5"]
[White "Zubarev,A1"]
[Black "Shchekachev,A"]
[Result "1/2-1/2"]
[WhiteElo "2480"]
[BlackElo "2573"]

1.Nf3 g6 2.d4 Nf6 3.c4 Bg7 4.Nc3 O-O 5.e4 d6 6.Be2 e5 7.d5 a5 8.Bg5 h6 9.Bh4 Na6
10.O-O Nc5 11.Nd2 Bd7 12.b3 Nfxe4 13.Bxd8 Nxc3 14.Qe1 Rfxd8 15.Nb1 Nxe2+
16.Qxe2 e4 17.Na3 Bxa1 18.Rxa1 Re8 19.Qe3 Kh7 20.Nc2 Re5 21.a3 g5 22.b4 Nd3
23.c5 axb4 24.axb4 Rxa1+ 25.Nxa1 Nxb4 26.cxd6 cxd6 27.Qb6 Rxd5 28.h3 Nd3
29.Qxb7 Be6 30.Nc2 Nc5 31.Qe7 Rd1+ 32.Kh2 Rd2 33.Ne3 Rxf2 34.Qxd6 Nb3 35.Kg1 Re2
36.Nf1 Re1 37.Kf2  1/2-1/2

[Event "Aeroflot Open"]
[Site "Moscow RUS"]
[Date "2002.02.07"]
[Round "5"]
[White "Janssen,R"]
[Black "Varavin,V"]
[Result "1/2-1/2"]
[WhiteElo "2476"]
[BlackElo "2484"]

1.d4 Nf6 2.Nf3 g6 3.c4 Bg7 4.Nc3 d6 5.e4 O-O 6.Be2 Nbd7 7.O-O e5 8.Be3 c6
9.d5 Ng4 10.Bg5 f6 11.Bd2 a5 12.dxc6 bxc6 13.h3 Nh6 14.Bxh6 Bxh6 15.Qxd6 Qb6
16.Na4 Qa6 17.Qd1 Qa7 18.Qd6 Qa6 19.Rfe1 Re8 20.c5 Qb7 21.Qd3 Bf8 22.a3 Be7
23.Qc3 Qa7 24.b4 Ba6 25.Bc4+ Kg7 26.Red1 Red8 27.Rab1 Rab8 28.Nb2 Nf8 29.Bxa6 Qxa6
30.Rxd8 Rxd8 31.Qc4 Qc8 32.Rd1 Rxd1+ 33.Nxd1 Ne6 34.Nb2 Qd7 35.Nd3 axb4 36.axb4 Nc7
37.Nh2  1/2-1/2

[Event "Aeroflot Open"]
[Site "Moscow RUS"]
[Date "2002.02.07"]
[Round "5"]
[White "Najer,E"]
[Black "Kovalevskaya,E"]
[Result "1/2-1/2"]
[WhiteElo "2599"]
[BlackElo "2462"]

1.d4 Nf6 2.c4 d6 3.Nc3 e5 4.Nf3 Nbd7 5.e4 g6 6.Be2 Bg7 7.O-O O-O 8.Be3 c6
9.d5 c5 10.Ne1 a6 11.a3 Ne8 12.g4 f5 13.exf5 gxf5 14.gxf5 Ndf6 15.Kh1  1/2-1/2

[Event "Aeroflot Open"]
[Site "Moscow RUS"]
[Date "2002.02.07"]
[Round "5"]
[White "Shipov,S"]
[Black "Mirovshchikov,S"]
[Result "1-0"]
[WhiteElo "2630"]
[BlackElo "2402"]

1.d4 Nf6 2.c4 g6 3.Nc3 Bg7 4.e4 d6 5.Nf3 O-O 6.Be2 e5 7.Be3 Nc6 8.d5 Ne7
9.Nd2 Ne8 10.b4 f5 11.f3 Kh8 12.c5 Ng8 13.Nc4 Ngf6 14.O-O f4 15.Bf2 Rf7 16.a4 Bf8
17.cxd6 cxd6 18.Nb5 a6 19.Nb6 Rb8 20.Na7 Bd7 21.b5 a5 22.Qb3 g5 23.Nc6 bxc6
24.dxc6 Be6 25.Qxe6 Re7 26.Qc4 Rxb6 27.c7 Qxc7 28.Qxc7 Rxc7 29.Bxb6 Rc2 30.Bd3  1-0

[Event "FSFMB February"]
[Site "Budapest HUN"]
[Date "2002.02.09"]
[Round "8"]
[White "Gyenes,I"]
[Black "Dombai,I"]
[Result "0-1"]
[WhiteElo "2018"]
[BlackElo "2214"]

1.d4 Nf6 2.c4 g6 3.Nc3 Bg7 4.Nf3 O-O 5.e4 d6 6.Be2 e5 7.dxe5 dxe5 8.Qc2 Re8
9.Bg5 c6 10.Rd1 Qc7 11.O-O Be6 12.b3 a5 13.Bc1 Na6 14.Ba3 Nb4 15.Qb1 Red8
16.Bb2 h6 17.a3 Na6 18.Na4 Nd7 19.Nd2 f5 20.Rfe1 b6 21.Qc2 Ndc5 22.Nxc5 Nxc5
23.b4 axb4 24.axb4 Na6 25.Bc3 c5 26.bxc5 Nxc5 27.Ra1 Rxa1 28.Rxa1 fxe4 29.Nxe4 Bf5
30.f3 Qc6 31.Rd1 Rxd1+ 32.Qxd1 Nxe4 33.fxe4 Bxe4 34.Bf3 Bxf3 35.gxf3 Qxc4
36.Ba1 b5 37.Bb2 b4 38.Kg2 b3 39.Qa1 Kh7 40.h3 h5 41.Kf2 Qf4 42.Kg2 h4 43.Qe1 e4
44.Bc1 Qxf3+ 45.Kh2 Be5+ 46.Kg1 Qg3+  0-1

[Event "XVIII Open"]
[Site "Cappelle la Grande FRA"]
[Date "2002.02.09"]
[Round "1"]
[White "Kadimova,I"]
[Black "Movsesian,S"]
[Result "1/2-1/2"]
[WhiteElo "2372"]
[BlackElo "2624"]

1.d4 Nf6 2.c4 g6 3.Nc3 Bg7 4.e4 d6 5.Nf3 O-O 6.Be2 Na6 7.O-O e5 8.Be3 Ng4
9.Bg5 Qe8 10.h3 f6 11.Bh4 Nh6 12.Re1 Nf7 13.Qc2 c6 14.Rad1 h5 15.a3 Nc7 16.b4 Ne6
17.dxe5 fxe5 18.Na4 b6 19.c5 dxc5 20.bxc5 b5 21.Nb2 g5 22.Bg3 Nf4 23.Bf1 Be6
24.Rd2 Qe7 25.Nd1 Nd8 26.Qc3 Nb7 27.Rc2 Rad8 28.Nd2 Qf7 29.f3 Rd4 30.Ne3 Rfd8
31.Bf2 Nd3 32.Bxd3 Rxd3 33.Qb2 Nxc5 34.Rxc5 Rxd2 35.Rc2 R2d6 36.Bg3 Bb3 37.Rc5 Qe6
38.Nf5 Rd2 39.Nxg7 Kxg7 40.Qxe5+ Qxe5 41.Bxe5+ Kf7 42.Rxc6 Ra2 43.Rf6+ Ke7
44.Rf5 Rdd2 45.Rxg5 Rdc2 46.Bd4 a5 47.Rb1 Bc4 48.h4 Ke8 49.Bc5 Rd2 50.Kh2 Rac2
51.Rg1 Bf7 52.Kg3 Rb2 53.Re5+ Kd7 54.Re7+ Kc6 55.Be3 Rd7 56.Rxd7 Kxd7 57.Kf4 b4
58.axb4 axb4 59.Rd1+ Ke8 60.Rd2 Rb1 61.Ke5 Ra1 62.Rd6 b3 63.Rb6 Bc4 64.Kf6 Re1
65.Bc5 Kd7 66.e5 Kc7 67.Rb4 Bd5 68.f4 Kc6 69.Bf8 Re2 70.Rb8 Bc4 71.f5 Bb5
72.Ba3 b2 73.Bxb2 Rxb2 74.e6 Kc7 75.Rg8 Rf2 76.Rg5 Kd6 77.Rxh5 Rxg2 78.Rh8 Kd5
79.e7 Rh2 80.Kf7 Kd6 81.f6 Ra2 82.Rd8+ Ke5 83.Rh8 Bd7 84.Rh5+ Kd6 85.Rg5 Ra8
86.Kg7 Be6 87.f7 Kxe7 88.Re5 Kd6 89.Rxe6+ Kxe6 90.f8=Q Rxf8 91.Kxf8 Kf6  1/2-1/2

[Event "Aeroflot Open"]
[Site "Moscow RUS"]
[Date "2002.02.09"]
[Round "8"]
[White "Gershon,A"]
[Black "Zulfugarli,M"]
[Result "1-0"]
[WhiteElo "2558"]
[BlackElo "2430"]

1.d4 Nf6 2.c4 g6 3.Nc3 Bg7 4.e4 d6 5.Be2 O-O 6.Nf3 e5 7.Be3 Ng4 8.Bg5 f6
9.Bh4 Nc6 10.d5 Ne7 11.Nd2 Nh6 12.f3 c5 13.a3 Kh8 14.b4 b6 15.Nb3 g5 16.Bf2 f5
17.h3 Ng6 18.g4 fxg4 19.hxg4 Nh4 20.Bg3 Ng8 21.Nd2 Qf6 22.Qc2 Ne7 23.O-O-O Neg6
24.Rdg1 cxb4 25.axb4 Bd7 26.Kb2 Rfc8 27.Bf2 h6 28.Ra1 Nf4 29.Bf1 Rg8 30.Qb3 Be8
31.Nd1 Bg6 32.Ra6 Qe7 33.Qa3 Rgf8 34.Nc3 h5 35.Bxb6 Rf7 36.c5 hxg4 37.fxg4 Qd7
38.Rg1  1-0

[Event "Aeroflot Open"]
[Site "Moscow RUS"]
[Date "2002.02.09"]
[Round "8"]
[White "Avrukh,B"]
[Black "Inarkiev,E"]
[Result "1/2-1/2"]
[WhiteElo "2591"]
[BlackElo "2500"]

1.d4 Nf6 2.c4 g6 3.Nc3 Bg7 4.e4 d6 5.Nf3 O-O 6.Be2 e5 7.Be3 Ng4 8.Bg5 f6
9.Bh4 Nc6 10.d5 Ne7 11.Nd2 h5 12.h3 Nh6 13.g4 hxg4 14.hxg4 Nf7 15.Qc2 c5
16.O-O-O Bd7 17.Rdf1 a6 18.Rh2 Nc8 19.Bg3 Bh6 20.f4 exf4 21.Bxf4 Bxf4 22.Rxf4 Kg7
23.Nd1 Ne7 24.Rf1 Rh8 25.Rhf2 Ng8 26.Qb3 Rb8 27.e5 Nxe5 28.Ne4 Bxg4 29.Bxg4 Nxg4
30.Ng5 Qd7 31.Ne6+ Kf7 32.Rf4 Ne5 33.Qg3 Re8 34.Rh4 Rxh4 35.Qxh4 Rxe6 36.dxe6+ Qxe6
37.Ne3 b5 38.b3 bxc4 39.bxc4 Kg7 40.Qe4 Nh6 41.Kc2 Nhf7 42.Rg1 Qd7 43.Nf5+ Kf8
44.Qa8+ Nd8 45.Nxd6 Nc6 46.Rd1 Nd4+ 47.Rxd4 cxd4 48.c5 Kg7 49.Qxa6 Nc6 50.Qc4 g5
51.a3 d3+ 52.Qxd3 Qe6 53.Kd2 Qe5 54.Qc4 Qb2+ 55.Kd1 Qa1+ 56.Kc2 Ne5 57.Qe6 Qf1
58.Qe7+ Kg6 59.Qe8+ Kg7 60.Qe7+ Kg6 61.Qe8+  1/2-1/2

[Event "10th Open"]
[Site "Valle d'Aosta ITA"]
[Date "2002.02.10"]
[Round "2"]
[White "Naumkin,I"]
[Black "Glek,I"]
[Result "0-1"]
[WhiteElo "2441"]
[BlackElo "2601"]

1.d4 Nf6 2.c4 g6 3.Nc3 Bg7 4.e4 d6 5.Nf3 O-O 6.Be2 e5 7.d5 Na6 8.O-O Nc5
9.Qc2 a5 10.Bg5 h6 11.Be3 b6 12.Nd2 Bg4 13.f3 Bd7 14.b3 Nh5 15.a3 Nf4 16.Kh1 f5
17.Rfe1 Nxe2 18.Rxe2 f4 19.Bf2 g5 20.Rb1 g4 21.b4 Nb7 22.Qd3 Rf7 23.fxg4 Bxg4
24.Nf3 Bf8 25.Rc2 Rg7 26.Bh4 Qe8 27.h3 Bxf3 28.Qxf3 Be7 29.Bf2 Kh7 30.Rg1 axb4
31.axb4 Ra3 32.Be1 Rb3 33.Ra2 Rxb4 34.Ra7 Qb8 35.Ra4 Rb3 36.Qd1 Nc5 37.Ra2 Qd8
38.Rf1 Bh4 39.Bd2 Qg5 40.Qf3 Qg6 41.Bc1 Rxc3  0-1

[Event "XVIII Open"]
[Site "Cappelle la Grande FRA"]
[Date "2002.02.11"]
[Round "3"]
[White "Movsesian,S"]
[Black "Khamatgaleev,A"]
[Result "1-0"]
[WhiteElo "2624"]
[BlackElo "2400"]

1.d4 Nf6 2.c4 g6 3.Nc3 Bg7 4.e4 d6 5.Nf3 O-O 6.Be2 e5 7.O-O Na6 8.Bg5 Qe8
9.Bxf6 Bxf6 10.c5 Bg7 11.Bxa6 bxa6 12.Nd5 exd4 13.Nxc7 Qxe4 14.Nxa8 dxc5
15.Rc1 Bb7 16.Rxc5 Bxa8 17.Re1 Qf4 18.Qd3 Qd6 19.Rec1 Bf6 20.Rc8 Bd5 21.Rxf8+ Kxf8
22.Nxd4 Qf4 23.Ne2 Qg5 24.f3 Be6 25.b3 h5 26.Rd1 Kg7 27.Kf1 h4 28.Qd2 Qc5
29.Nf4 Bf5 30.Nd5 Be5 31.f4 Bd6 32.b4 Qc8 33.Qd4+ Kh6 34.Ne3  1-0